| 000 | 00666nam a2200241Ia 4500 | ||
|---|---|---|---|
| 003 | OSt | ||
| 005 | 20221007070846.0 | ||
| 006 | a|||||r|||| 00| 0 | ||
| 007 | ta | ||
| 008 | 221006b |||||||| |||| 00| 0 eng d | ||
| 024 | _a16 | ||
| 037 | _cReference Collections | ||
| 040 |
_aFLL _cFLL _beng |
||
| 041 |
_2eng _aeng |
||
| 082 | _a2:97:f, M3.2 | ||
| 245 | 0 | _aDeveloping Horizons in Library & Information Science Ed.C.D. Sharma | |
| 260 |
_aJaipur _bPrintwell Publishers India _c1983 |
||
| 300 |
_a299 _ccm. |
||
| 490 | _vV II | ||
| 650 | _aLibrary Science | ||
| 942 |
_h2:97:f, M3.2 _cREF _2CC |
||
| 999 |
_c1141759 _d1141759 |
||